| 000 | 00817cab a2200241 4500 | ||
|---|---|---|---|
| 001 | ABS43557 | ||
| 008 | 090401t1990 xxu||||| |||| 00| 0 eng d | ||
| 035 | _a(Sirsi) u42337 | ||
| 041 | _aeng | ||
| 100 | _aWilliams, M. | ||
| 245 | _aRansom strips: are they in the public interest? | ||
| 260 | _c1990 | ||
| 350 | _a0 | ||
| 490 |
_aEstates Gazette _v(9040) 6 October 1990, 30-32(3) |
||
| 520 | _aConsiders some of the legal implications arising out of the issue of ransom strips ie a small amount of land needed for access to development land . Quotes case law . | ||
| 650 | _aBATCHELOR V KENT CC | ||
| 650 | _aBRADFORD MDC V SOS ENVIRONMENT | ||
| 650 | _aR V GILLINGHAM BC EX P F PARHAM LTD | ||
| 650 | _aSTOKES V CAMBRIDGE | ||
| 690 | _aPLANNING LAW AND PRACTICE | ||
| 942 | _n0 | ||
| 948 | _c04/03/1997 | ||
| 999 |
_c27166 _d27166 |
||